Duševné zdravie zamestnancov ako podmienka prosperity podniku diplomová práca

Na minha lista:
Detalhes bibliográficos
Autor principal: Nádaská, Kristína
Autor Corporativo: Fakulta podnikového manažmentu EU. Katedra manažmentu
Outros Autores: Szarková, Miroslava, 1951-
Formato: Livro
Idioma:eslovaco
Publicado em: Bratislava 2023
Tags: Adicionar Tag
Sem tags, seja o primeiro a adicionar uma tag!

MARC

LEADER 00000nbm a2200000 4500
001 0293696
005 20240515101111.0
041 0 |a slo 
044 |a SK 
245 1 0 |a Duševné zdravie zamestnancov ako podmienka prosperity podniku  |b diplomová práca  |c Kristína Nádaská ; školiteľ: Miroslava Szarková 
264 1 |a Bratislava  |c 2023 
300 |a 64 s. 
100 1 |a Nádaská, Kristína 
700 1 |a Szarková, Miroslava, 1951- 
710 2 |a Fakulta podnikového manažmentu EU. Katedra manažmentu